000
00473nam a2200145Ia 4500
008
100122s9999 xx 000 0 und d
082
_b
19959
_a
823
100
_a
हसमनीस द का
245
_a
देवांच्या अक्षता
260
_b
रंजना प्रकाशन
_c
1973
300
_a
186
630
_a
देवांच्या अक्षता
730
_a
देवांच्या अक्षता
942
_c
BOOK
999
_c
408805
_d
408802